00417nam a22001217a 4500008004100000040001800041041000800059110002300067245011200090260005600202300001800258650001900276130821s1969 ck gr ita  aCo-BoUCMbspa00aita aIglesia Católica00aOrdo divini officii recitandi misaeque celebrandae, ad usum cleri in ditione columbianacIglesia Católica aBogotá (Colombia)bEditorial El Catolicismoc1969 a156 páginas04aVida religiosa